[Event "IX Festival de Semana Santa.  Sub 2300"]
[Site "Mondariz Balneario, Pontevedra"]
[Date "2012.04.06"]
[Round "7.6"]
[White "Fernandez De Armas, Luis"]
[Black "Diaz Velandia, Jose Manuel"]
[Result "0-1"]
[WhiteElo "2006"]
[BlackElo "2212"]
[PlyCount "76"]
[EventDate "2012.03.31"]

1. c4 e6 2. g3 Nf6 3. Bg2 d5 4. Nf3 c6 5. b3 Nbd7 6. Bb2 Bd6 7. d4 Ne4 8. O-O
O-O 9. Nbd2 f5 10. Ne5 Nxe5 11. dxe5 Bc5 12. e3 b5 13. cxb5 cxb5 14. Rc1 Qb6
15. Nxe4 dxe4 16. Qc2 Bb4 17. a3 Be7 18. Rfd1 Rd8 19. Bd4 Qb8 20. Bc5 Rxd1+ 21.
Qxd1 Qb7 22. Bxe7 Qxe7 23. Qd6 Qxd6 24. exd6 Bd7 25. Rc7 Rd8 26. Rxa7 Bc6 27.
Bf1 Rxd6 28. Kg2 Kf8 29. h4 Be8 30. Rb7 Bh5 31. g4 Bxg4 32. Bxb5 Rd1 33. Bc4 e5
34. Rf7+ Ke8 35. Rb7 f4 36. exf4 exf4 37. f3 Bxf3+ 38. Kf2 Rd2+ 0-1

[Event "IX Festival de Semana Santa.  Sub 2300"]
[Site "Mondariz Balneario, Pontevedra"]
[Date "2012.04.06"]
[Round "7.7"]
[White "Lopez Heras, Arturo"]
[Black "Clemente Llamero, Roberto"]
[Result "0-1"]
[WhiteElo "1882"]
[BlackElo "2146"]
[PlyCount "162"]
[EventDate "2012.03.31"]

1. e4 c6 2. d4 d5 3. e5 Bf5 4. Nf3 e6 5. Be2 Nd7 6. O-O h6 7. Nbd2 Ne7 8. c4
Bh7 9. Qb3 Qc7 10. Re1 O-O-O 11. Qa3 Kb8 12. c5 f6 13. exf6 gxf6 14. b4 e5 15.
Nb3 Bg7 16. Qb2 Nf5 17. g3 Rde8 18. Bd2 Ka8 19. a4 exd4 20. Nfxd4 Ne5 21. Bf4
Nxd4 22. Nxd4 Qd7 23. b5 Nd3 24. Bxd3 Bxd3 25. Qd2 Bg6 26. Rxe8+ Bxe8 27. Re1
Bf7 28. Bd6 Re8 29. Rxe8+ Bxe8 30. Qb4 Qc8 31. Qa5 Bd7 32. Qe1 f5 33. bxc6 bxc6
34. Nf3 Qe8 35. Qxe8+ Bxe8 36. Ne5 Kb7 37. f4 Ka6 38. Bb8 Ka5 39. Bxa7 Kxa4 40.
Kf2 Kb4 41. Ke3 Kc3 42. Bb6 d4+ 43. Ke2 Bxe5 44. fxe5 Bh5+ 45. Ke1 Bf7 46. Ba5+
Kc4 47. Bb6 Kd5 48. Kd2 Kxe5 49. Bc7+ Ke4 50. Bf4 Kd5 51. Bd6 Bg6 52. Bf8 h5
53. h4 Ke4 54. Bd6 Bf7 55. Bf4 Bg8 56. Bd6 Bc4 57. Bf4 Bf1 58. Bd6 Bc4 59. Bf4
Bf1 60. Bd6 Kd5 61. Ke1 Bh3 62. Kd2 Bg4 63. Ke1 Kc4 64. Kd2 Bf3 65. Be7 Kd5 66.
Bd6 Ke4 67. Bf4 Kd5 68. Bd6 f4 69. gxf4 Bg4 70. Be7 Ke4 71. Bd6 Be6 72. Be5 Bf5
73. Bd6 Kf3 74. Be5 Kg4 75. Bxd4 Kxh4 76. Kc3 Be6 77. Be5 Kg4 78. Kd4 Bf5 79.
Ke3 Kg3 80. Ke2 h4 81. Kf1 h3 0-1

[Event "IX Festival de Semana Santa.  Sub 2300"]
[Site "Mondariz Balneario, Pontevedra"]
[Date "2012.04.06"]
[Round "7.8"]
[White "Madurga Lopez, Ignacio"]
[Black "Martinez Colomar, Alejandro"]
[Result "1-0"]
[WhiteElo "2073"]
[BlackElo "1831"]
[PlyCount "55"]
[EventDate "2012.03.31"]

1. e4 c5 2. d4 cxd4 3. c3 Nf6 4. e5 Nd5 5. cxd4 e6 6. Nf3 b6 7. a3 Qc7 8. Bd3
Ba6 9. O-O Bxd3 10. Qxd3 Be7 11. Bg5 Bxg5 12. Nxg5 Qd8 13. Ne4 O-O 14. Nbd2 Nc6
15. Rac1 Nf4 16. Qe3 Nxd4 17. Rfe1 Nde2+ 18. Rxe2 Nxe2+ 19. Qxe2 Rc8 20. Rd1 f6
21. Nc4 fxe5 22. Ned6 Rc7 23. Nxe5 Qg5 24. Nec4 Qh4 25. g3 Qh3 26. Ne5 Qh6 27.
Kg2 Qf6 28. Nb5 1-0

[Event "IX Festival de Semana Santa.  Sub 2300"]
[Site "Mondariz Balneario, Pontevedra"]
[Date "2012.04.06"]
[Round "7.9"]
[White "Escalante Ortega, Fernando"]
[Black "Picazo Gonzalez, Alejandro"]
[Result "0-1"]
[WhiteElo "1873"]
[BlackElo "1968"]
[PlyCount "80"]
[EventDate "2012.03.31"]

1. e4 e5 2. Nf3 Nc6 3. d4 exd4 4. Bc4 Nf6 5. e5 d5 6. Bb5 Ne4 7. Nxd4 Bd7 8.
Bxc6 bxc6 9. O-O Bc5 10. Be3 Bb6 11. f3 Ng5 12. f4 Ne4 13. Nd2 Nxd2 14. Qxd2 c5
15. Nb3 d4 16. Bf2 Bb5 17. Rfe1 Qd5 18. Bg3 Bc6 19. e6 f6 20. Kh1 c4 21. Nc1
Ba5 22. c3 dxc3 23. Qxd5 Bxd5 24. b4 Bxb4 25. Rb1 a5 26. a3 Bxa3 27. Rb5 Bc6
28. Rh5 c2 29. f5 Rd8 30. Bf4 Rd1 31. Rg1 Bc5 32. Ne2 Bxg1 33. Nxg1 c1=Q 34.
Bxc1 Rxc1 35. Rh3 Ke7 36. Rg3 g6 37. fxg6 hxg6 38. Rxg6 Rb8 39. Rg7+ Kxe6 40.
h3 Rbb1 0-1

[Event "IX Festival de Semana Santa.  Sub 2300"]
[Site "Mondariz Balneario, Pontevedra"]
[Date "2012.04.06"]
[Round "7.10"]
[White "Fernandez Andrade, Antonio"]
[Black "Saez Gabikagogeaskoa, Oscar"]
[Result "1-0"]
[WhiteElo "1844"]
[BlackElo "1998"]
[PlyCount "77"]
[EventDate "2012.03.31"]

1. e4 c5 2. Nf3 Nc6 3. d4 cxd4 4. Nxd4 Nf6 5. Nc3 e5 6. Ndb5 d6 7. Bg5 a6 8.
Na3 b5 9. Bxf6 gxf6 10. Nd5 f5 11. Bxb5 axb5 12. Nxb5 Ra4 13. Nbc7+ Kd7 14. O-O
Rxe4 15. Qh5 Ne7 16. Qxf7 Kc6 17. c4 Rg8 18. Ne8 Be6 19. Qxe6 Qxe8 20. Nf6 Rg6
21. c5 Rxf6 22. Qxf6 Nd5 23. Qxf5 Rf4 24. Qxh7 dxc5 25. g3 Rf7 26. Qe4 Qe6 27.
Rfd1 Rd7 28. b4 cxb4 29. a4 Kb6 30. a5+ Ka7 31. a6 Bc5 32. Ra5 Bxf2+ 33. Kh1
Bd4 34. Rxd4 Qb6 35. Rdxd5 Rf7 36. Ra1 b3 37. Rxe5 Rc7 38. Re8 Rc6 39. Re7+ 1-0

[Event "IX Festival de Semana Santa.  Sub 2300"]
[Site "Mondariz Balneario, Pontevedra"]
[Date "2012.04.06"]
[Round "7.13"]
[White "Picazo Gonzalez, Ana"]
[Black "Arranz Fraile, Javier"]
[Result "1-0"]
[WhiteElo "1728"]
[BlackElo "1669"]
[PlyCount "64"]
[EventDate "2012.03.31"]

1. d4 f5 2. g3 Nf6 3. Bg2 e6 4. Nf3 d6 5. O-O Be7 6. c4 O-O 7. Nc3 Qe8 8. b3 a5
9. Ba3 c6 10. Rc1 Na6 11. Qd3 Nb4 12. Qd2 Ne4 13. Nxe4 fxe4 14. Ng5 d5 15. Nh3
Bd6 16. f3 e5 17. c5 Bc7 18. fxe4 dxe4 19. Rxf8+ Qxf8 20. Rf1 Qe7 21. Bxb4 axb4
22. Ng5 exd4 23. Nxe4 Qe5 24. Kh1 Bf5 25. Nd6 Bc8 26. Qxb4 Bxd6 27. cxd6 c5 28.
Qb6 h6 29. Qd8+ Kh7 30. d7 Qe6 31. dxc8=R Rxc8 32. Qd5 Qxe2 1-0

[Event "IX Festival de Semana Santa.  Sub 2300"]
[Site "Mondariz Balneario, Pontevedra"]
[Date "2012.04.06"]
[Round "7.15"]
[White "Rodriguez Sanchez, Jacinto"]
[Black "Dominguez Certal, Dario"]
[Result "0-1"]
[WhiteElo "1234"]
[BlackElo "1520"]
[PlyCount "60"]
[EventDate "2012.03.31"]

1. e4 c5 2. c3 Nc6 3. d4 cxd4 4. cxd4 d5 5. e5 e6 6. Bb5 Qb6 7. a4 Bd7 8. Be3
a6 9. Bxc6 Bxc6 10. Bc1 Ne7 11. Nc3 Nf5 12. Nce2 Be7 13. Nf3 O-O 14. O-O Rac8
15. a5 Qd8 16. Nf4 Bb5 17. Re1 Qd7 18. Bd2 Rc6 19. Nh5 Rfc8 20. g4 Nh4 21. Ng5
Bxg5 22. Bxg5 Ng6 23. Bf6 Rc2 24. Bxg7 Qd8 25. Qf3 Rxb2 26. Qe3 Rcc2 27. Qh6
Rxf2 28. Rf1 Rg2+ 29. Kh1 Rxh2+ 30. Kg1 Rbg2# 0-1

[Event "IX Festival de Semana Santa.  Sub 2300"]
[Site "Mondariz Balneario, Pontevedra"]
[Date "2012.04.07"]
[Round "8.1"]
[White "Outerelo Ucha, Manuel"]
[Black "Rodriguez Boado, Martin"]
[Result "1-0"]
[WhiteElo "2197"]
[BlackElo "2170"]
[PlyCount "45"]
[EventDate "2012.03.31"]

1. e4 Nf6 2. d3 d5 3. e5 Ng4 4. d4 c5 5. c3 Nc6 6. Nf3 e6 7. Bd3 Qb6 8. O-O Bd7
9. h3 Nh6 10. dxc5 Bxc5 11. b4 Bf8 12. Be3 Qc7 13. Re1 g6 14. Na3 Nf5 15. Nb5
Qb8 16. Bxf5 gxf5 17. Bc5 Nxe5 18. Nxe5 Bxb5 19. Qh5 Qc7 20. Nxf7 Bxc5 21.
Nxh8+ Kd7 22. Qf7+ Be7 23. Qxe6+ 1-0

[Event "IX Festival de Semana Santa.  Sub 2300"]
[Site "Mondariz Balneario, Pontevedra"]
[Date "2012.04.07"]
[Round "8.2"]
[White "Pena Riasco, Alexander"]
[Black "Draghici Flutur, Gavril"]
[Result "1/2-1/2"]
[WhiteElo "2219"]
[BlackElo "2106"]
[PlyCount "76"]
[EventDate "2012.03.31"]

1. e4 c5 2. Nf3 Nc6 3. d4 cxd4 4. Nxd4 Nf6 5. Nc3 d6 6. f3 e5 7. Nb3 Be7 8. Be3
O-O 9. Qd2 a5 10. Bb5 Be6 11. Rd1 Na7 12. Be2 Nc6 13. a3 a4 14. Nc1 Na5 15. Nd5
Bxd5 16. exd5 Qc7 17. O-O Rfc8 18. c3 Nc4 19. Bxc4 Qxc4 20. Qe2 Ra5 21. Qxc4
Rxc4 22. Nd3 Nxd5 23. Bc1 f5 24. Rfe1 h6 25. Re2 Bf6 26. Nf2 Kf7 27. Nh3 Ke6
28. Nf2 Ne7 29. Nd3 Nc6 30. Nf4+ Kf7 31. Nd5 Bd8 32. Be3 Rb5 33. g3 Ke6 34.
Red2 Nd4 35. cxd4 Rxd5 36. dxe5 Rxd2 37. Rxd2 Bc7 38. exd6 Bxd6 1/2-1/2

[Event "IX Festival de Semana Santa.  Sub 2300"]
[Site "Mondariz Balneario, Pontevedra"]
[Date "2012.04.07"]
[Round "8.3"]
[White "Gomez Jurado, Luis Alberto"]
[Black "Uran Bermudez, Oliver Kevin"]
[Result "1-0"]
[WhiteElo "2266"]
[BlackElo "2157"]
[PlyCount "93"]
[EventDate "2012.03.31"]

1. c4 c6 2. g3 d6 3. Bg2 e5 4. Nc3 Nf6 5. e4 Be7 6. Nge2 Nbd7 7. O-O O-O 8. d3
a5 9. h3 Nc5 10. Be3 Bd7 11. f4 b5 12. cxb5 cxb5 13. Bxc5 dxc5 14. fxe5 Ne8 15.
Nd5 Nc7 16. Nef4 Ra6 17. Rc1 Ne6 18. Kh2 Nd4 19. Nxe7+ Qxe7 20. Nd5 Qxe5 21.
Rxc5 Kh8 22. Nb6 Qe7 23. Nxd7 Qxd7 24. Rd5 Rd6 25. Qh5 Rxd5 26. Qxd5 Qxd5 27.
exd5 f5 28. a4 g5 29. axb5 Nxb5 30. Ra1 Ra8 31. Ra4 Ra7 32. d6 Nxd6 33. b4 Kg7
34. bxa5 Ra6 35. d4 Kf6 36. Bf1 Ra7 37. a6 Ke6 38. Ra5 Kf6 39. Bd3 h6 40. Kg2
Ke6 41. Kf3 Kf6 42. h4 h5 43. hxg5+ Kxg5 44. Rd5 Ne8 45. Rxf5+ Kh6 46. Rf8 Ng7
47. Rf6+ 1-0

[Event "IX Festival de Semana Santa.  Sub 2300"]
[Site "Mondariz Balneario, Pontevedra"]
[Date "2012.04.07"]
[Round "8.4"]
[White "Diaz Velandia, Jose Manuel"]
[Black "Clemente Llamero, Roberto"]
[Result "1-0"]
[WhiteElo "2212"]
[BlackElo "2146"]
[PlyCount "55"]
[EventDate "2012.03.31"]

1. d4 Nf6 2. Nf3 d5 3. Bf4 e6 4. e3 Be7 5. h3 O-O 6. Bd3 b6 7. O-O Ba6 8. c3
Bxd3 9. Qxd3 c5 10. Nbd2 Nc6 11. Ne5 Nxe5 12. dxe5 Nd7 13. e4 dxe4 14. Nxe4 Qc7
15. Qg3 Kh8 16. Rad1 Rad8 17. Nd6 c4 18. Bg5 Bxg5 19. Qxg5 f6 20. exf6 Nxf6 21.
Nb5 Qe7 22. Qe5 Nd5 23. Nd4 Rde8 24. f4 Nxf4 25. Rxf4 Rxf4 26. Qxf4 e5 27. Nf5
Qf6 28. Qe4 1-0

[Event "IX Festival de Semana Santa.  Sub 2300"]
[Site "Mondariz Balneario, Pontevedra"]
[Date "2012.04.07"]
[Round "8.5"]
[White "Alonso Martinez, Tomas"]
[Black "Martin Duque, Jesus"]
[Result "0-1"]
[WhiteElo "2135"]
[BlackElo "2176"]
[PlyCount "62"]
[EventDate "2012.03.31"]

1. e4 e6 2. d4 d5 3. Nc3 Bb4 4. exd5 exd5 5. Bd3 c6 6. Nge2 Nf6 7. O-O Na6 8.
Ng3 O-O 9. Nf5 c5 10. dxc5 Nxc5 11. Bg5 Bxc3 12. bxc3 Nxd3 13. Qxd3 Bxf5 14.
Qxf5 Qc8 15. Qd3 Ne4 16. Be3 Nxc3 17. Bd4 Ne4 18. Rfe1 Qc6 19. f3 Nc5 20. Qf5
Ne6 21. Be5 Rfe8 22. Rad1 Rac8 23. c3 Rcd8 24. Kh1 Qc4 25. Qb1 b6 26. Qb3 f6
27. Bg3 Nc5 28. Qc2 Na4 29. h3 Nxc3 30. Rxe8+ Rxe8 31. Rd3 Ne2 0-1

[Event "IX Festival de Semana Santa.  Sub 2300"]
[Site "Mondariz Balneario, Pontevedra"]
[Date "2012.04.07"]
[Round "8.6"]
[White "Madurga Lopez, Ignacio"]
[Black "Asensio Linan, Teodoro"]
[Result "1-0"]
[WhiteElo "2073"]
[BlackElo "2169"]
[PlyCount "73"]
[EventDate "2012.03.31"]

1. e4 g6 2. Nf3 Bg7 3. d3 c5 4. g3 Nc6 5. Bg2 d6 6. O-O Bd7 7. h3 b5 8. c3 e5
9. Nh4 Bf6 10. Nf3 h5 11. Na3 Rb8 12. Nc2 g5 13. Nfe1 b4 14. Ne3 bxc3 15. bxc3
Be6 16. Nd5 Bxd5 17. exd5 Nce7 18. Qc2 Nh6 19. f4 exf4 20. gxf4 g4 21. hxg4
hxg4 22. Rb1 Rxb1 23. Qxb1 Bxc3 24. Qb5+ Qd7 25. Qb8+ Qc8 26. Qb5+ Kf8 27. Bb2
Bd4+ 28. Bxd4 cxd4 29. Qa4 Nhf5 30. Nc2 Qc3 31. Qb3 Qd2 32. Rf2 Qa5 33. Qb4 Qd8
34. Nxd4 a5 35. Qc3 g3 36. Rb2 Nh4 37. Nc6 1-0

[Event "IX Festival de Semana Santa.  Sub 2300"]
[Site "Mondariz Balneario, Pontevedra"]
[Date "2012.04.07"]
[Round "8.7"]
[White "Picazo Gonzalez, Alejandro"]
[Black "Fernandez De Armas, Luis"]
[Result "0-1"]
[WhiteElo "1968"]
[BlackElo "2006"]
[PlyCount "134"]
[EventDate "2012.03.31"]

1. e4 d6 2. d4 Nf6 3. Bd3 e5 4. c3 d5 5. dxe5 Nxe4 6. Nd2 Nc5 7. Bb1 Qg5 8.
Ngf3 Qxg2 9. Rg1 Qh3 10. b4 Ncd7 11. Nb3 Nxe5 12. Rg3 Nxf3+ 13. Rxf3 Qg4 14.
Qxd5 Qd7 15. Qc4 Qe7+ 16. Re3 Be6 17. Qe4 Nc6 18. b5 Nd8 19. Nd4 Kd7 20. Nxe6
fxe6 21. Qg4 Qf6 22. Rd3+ Bd6 23. Bg5 Qe5+ 24. Re3 Qd5 25. Be4 h5 26. Qg2 Qc5
27. Bxd8 Raxd8 28. Bxb7 g5 29. Qe4 Rh6 30. Bc6+ Kc8 31. Qa4 Qb6 32. Rb1 Bc5 33.
Re2 Rf6 34. f3 g4 35. Qa6+ Qxa6 36. bxa6 gxf3 37. Reb2 f2+ 38. Kf1 Bb6 39. c4
Rg8 40. c5 Rg1+ 41. Ke2 f1=Q+ 42. Rxf1 Rgxf1 43. cxb6 cxb6 44. Bb7+ Kd7 45.
Rd2+ Ke7 46. Rd4 R6f2+ 47. Ke3 Rxh2 48. Rc4 Rd1 49. Rc8 Rd8 50. Rc7+ Rd7 51.
Rc8 Rxa2 52. Ra8 b5 53. Rxa7 b4 54. Ra8 b3 55. Rb8 b2 56. Be4 Rxa6 57. Rxb2 e5
58. Bf5 Rd4 59. Rb7+ Kf6 60. Bb1 Ra3+ 61. Ke2 e4 62. Rh7 Kg6 63. Re7 Kf5 64.
Rh7 Rh3 65. Rh8 Rb4 66. Rf8+ Kg4 67. Rg8+ Kh4 0-1

[Event "IX Festival de Semana Santa.  Sub 2300"]
[Site "Mondariz Balneario, Pontevedra"]
[Date "2012.04.07"]
[Round "8.8"]
[White "Ruiz Martinez, Isidro"]
[Black "Blanco Dans, Manuel"]
[Result "1-0"]
[WhiteElo "2016"]
[BlackElo "1797"]
[PlyCount "89"]
[EventDate "2012.03.31"]

1. e4 d5 2. exd5 Nf6 3. Nf3 Bg4 4. Be2 Nxd5 5. d4 e6 6. O-O Be7 7. c4 Nf6 8.
Nc3 O-O 9. Qb3 Nc6 10. Qxb7 Nxd4 11. Nxd4 Qxd4 12. Bxg4 Nxg4 13. Qe4 Rfd8 14.
Qxd4 Rxd4 15. b3 Rd3 16. Ne4 f5 17. Ng5 Bf6 18. Rb1 Re8 19. h3 Nh6 20. Nf3 Nf7
21. Be3 a6 22. Rfd1 Red8 23. Rxd3 Rxd3 24. Kf1 e5 25. Ne1 Rd8 26. Ke2 Ng5 27.
Bxg5 Bxg5 28. Rd1 Rxd1 29. Kxd1 e4 30. b4 Bf6 31. b5 a5 32. Nc2 f4 33. a4 Kf7
34. f3 e3 35. Ne1 g5 36. Ke2 Ke6 37. Nd3 Bd4 38. Nc1 Bc3 39. Kd3 Bd2 40. Nb3
Bb4 41. c5 Kd5 42. c6 h6 43. Nc1 Ke5 44. Ne2 Bd2 45. b6 1-0

[Event "IX Festival de Semana Santa.  Sub 2300"]
[Site "Mondariz Balneario, Pontevedra"]
[Date "2012.04.07"]
[Round "8.9"]
[White "Ruiz Abad, Juan Manuel"]
[Black "Picazo Gonzalez, Ana"]
[Result "1/2-1/2"]
[WhiteElo "1980"]
[BlackElo "1728"]
[PlyCount "83"]
[EventDate "2012.03.31"]

1. e4 e6 2. d4 d5 3. Nc3 Nf6 4. e5 Nfd7 5. f4 c5 6. Nf3 Nc6 7. Be3 a6 8. Qd2 b5
9. Be2 b4 10. Nd1 a5 11. O-O Ba6 12. c3 Bxe2 13. Qxe2 Qb6 14. Qf2 Rc8 15. Rc1
c4 16. Nd2 g6 17. Nxc4 dxc4 18. d5 Qb7 19. dxc6 Rxc6 20. Bd4 Nc5 21. Qf3 Nd3
22. Rc2 Qc8 23. Ne3 Bc5 24. Bxc5 Rxc5 25. Ng4 Ke7 26. Qg3 h5 27. Nf6 Qc6 28.
Qg5 Kf8 29. Re2 Kg7 30. Rf3 bxc3 31. bxc3 Qb6 32. Nd7 Qb1+ 33. Rf1 Rb5 34. Qf6+
Kg8 35. g3 Nc1 36. Rg2 Qd3 37. f5 Ne2+ 38. Rxe2 Qxe2 39. fxe6 Qe3+ 40. Kg2 Qe2+
41. Kg1 Qe3+ 42. Kh1 1/2-1/2

[Event "IX Festival de Semana Santa.  Sub 2300"]
[Site "Mondariz Balneario, Pontevedra"]
[Date "2012.04.07"]
[Round "8.10"]
[White "Fernandez Andrade, Antonio"]
[Black "Lopez Heras, Arturo"]
[Result "0-1"]
[WhiteElo "1844"]
[BlackElo "1882"]
[PlyCount "136"]
[EventDate "2012.03.31"]

1. e4 e5 2. Nf3 Nc6 3. Bb5 f5 4. Nc3 fxe4 5. Nxe4 Nf6 6. Nxf6+ Qxf6 7. Qe2 Be7
8. Bxc6 dxc6 9. Nxe5 O-O 10. O-O Bf5 11. d4 Bd6 12. Re1 Rae8 13. Bd2 Kh8 14.
Bc3 c5 15. f4 Be6 16. Rf1 Bd5 17. Qh5 Qf5 18. Qxf5 Rxf5 19. Rae1 Rd8 20. b3 Kg8
21. Nd3 c4 22. Ne5 cxb3 23. axb3 c5 24. Bb2 cxd4 25. Bxd4 Bb8 26. c4 Bxg2 27.
Kxg2 Rxd4 28. Rd1 Bxe5 29. fxe5 Rg4+ 30. Kh3 Rxf1 31. Rxf1 Re4 32. Rd1 Rxe5 33.
Rd8+ Kf7 34. Rd7+ Re7 35. Rd3 Ke8 36. Kg3 Rd7 37. Re3+ Kd8 38. Kf2 Rd2+ 39. Kg3
Kc7 40. h3 Rd7 41. Kf2 Kb6 42. b4 Kc7 43. Re4 Kd8 44. c5 Kc7 45. b5 Rf7+ 46.
Ke2 a6 47. b6+ Kc6 48. Re5 g6 49. Ke3 Rf5 50. Re7 Rxc5 51. Ke4 Kxb6 52. Rxh7
Rh5 53. Rg7 Rh4+ 54. Kd5 Rxh3 55. Rxg6+ Kb5 56. Rg7 Rh5+ 57. Kd4 b6 58. Kc3 a5
59. Rg3 Kc5 60. Kb3 b5 61. Ka3 Rd5 62. Kb3 a4+ 63. Ka3 Kc4 64. Kb2 b4 65. Rg2
a3+ 66. Kb1 b3 67. Rg1 a2+ 68. Ka1 Kb4 0-1

[Event "IX Festival de Semana Santa.  Sub 2300"]
[Site "Mondariz Balneario, Pontevedra"]
[Date "2012.04.07"]
[Round "8.12"]
[White "Dominguez Certal, Dario"]
[Black "Martinez Colomar, Alejandro"]
[Result "0-1"]
[WhiteElo "1520"]
[BlackElo "1831"]
[PlyCount "63"]
[EventDate "2012.03.31"]

1. e4 c5 2. Nf3 d6 3. Nc3 Nc6 4. d4 cxd4 5. Nxd4 Nf6 6. Be2 g6 7. Be3 Bg7 8.
O-O O-O 9. Nb3 Be6 10. Qd2 Ne5 11. Bh6 Rc8 12. Bxg7 Kxg7 13. Kh1 Qb6 14. f3
Rfd8 15. Rad1 Nc4 16. Bxc4 Bxc4 17. Rfe1 Bxb3 18. axb3 Qc5 19. Qe3 Rd7 20. e5
dxe5 21. Rxd7 Qxe3 22. Rxe3 Nxd7 23. Re2 Rc6 24. Kg1 f6 25. f4 Kf7 26. fxe5
Nxe5 27. Kf2 Re6 28. h3 f5 29. Nd5 Nc6 30. Rxe6 Kxe6 31. c4 Na5 32. b4 0-1

[Event "IX Festival de Semana Santa.  Sub 2300"]
[Site "Mondariz Balneario, Pontevedra"]
[Date "2012.04.07"]
[Round "8.15"]
[White "Lago Carballo, Carmen"]
[Black "Rodriguez Sanchez, Jacinto"]
[Result "1-0"]
[WhiteElo "1453"]
[BlackElo "1234"]
[PlyCount "52"]
[EventDate "2012.03.31"]

1. e4 e5 2. Nf3 Nc6 3. Bc4 Nf6 4. Nc3 Be7 5. d3 h6 6. O-O O-O 7. Nd5 d6 8.
Nxe7+ Qxe7 9. h3 a6 10. a3 b5 11. Ba2 Be6 12. Be3 Rad8 13. Re1 Qd7 14. Bxe6
Qxe6 15. Nh4 d5 16. exd5 Rxd5 17. Bf4 Rd4 18. Rxe5 Nxe5 19. Bg3 Rfd8 20. Qf1
Nh5 21. Bxe5 Rxh4 22. Re1 Qg6 23. Bxc7 Rc8 24. Re7 Rxh3 25. g3 Qg4 26. Qe1 Nf6
1-0